000
00353nam a2200157Ia 4500
003
OSt
005
20240105152109.0
008
170524s9999 xx 000 0 und d
020
_a
9788120342149
040
_c
iimt university meerut
100
_a
CHERUNILAM F
100
_c
2010
245
0
_a
INTERNATIONAL BUSINESS
260
_a
PHI
942
_2
ddc
_c
02
999
_c
2618
_d
2618